00701nam a22002053a 450000100060000000300080000600500170001400800410003103500190007204000270009104100080011808200230012610000360014924501520018526000410033730000330037850400390041165100280045070000170047827696BD-RjUL20211209051205.0140327s1966 enka 001 0 eng d a(BD-RjUL)27775 aEQOcEQObengdBD-RjUL aeng a942bCHB V-11 19661 aChurchill, Winston,d1874-1965.14aThe Blenheim edition of A history of the English-speaking peoples /cwith an intr. and bibliogr. by R.W. Ellisn11.pThe Great Republic (1815-1865) aLondon :bCassel & co. Ltd.,cc1966. axi, 115 p. :bill. ;c20 cm. aIncludes bibliographies and index. 0aGreat BritainxHistory.1 aEllis, R. W.